000 00680nam a22001817a 4500
005 20241217084623.0
008 241217b |||||||| |||| 00| 0 eng d
020 _a9786035071673
040 _c.
082 _2
_a510.711 366 A 2014
100 _aالعبداللطيف , مساعد
245 _aأسياسيات الرياضيات لطلبة الكليات العلمية :
_b/
_cمساعد العبداللطيف
250 _a1 ط
260 _bالسعودية , الرياض , جامعة الملك سعود , 2014
300 _a235 ص
_c25 سم
650 _zالرياضيات - كتب دراسية l الرياضيات - كتب جامعية
942 _2ddc
_cBK-AR
_n0
999 _c7429
_d7429